000 00570nam a2200217 a 4500
001 BRCA_2859
005 20190320204014.0
008 101208s1875-------a---###---#000-0#spa-u
050 4 _aF1391.M5
_b.R85 1875
100 1 _aRuíz, E.
_97989
245 1 0 _aMichoacan
_cpor E. Ruíz.
260 _as. l.
_bs. e.
_c1875
300 _aiv, 449 p.
_bil., láminas
_c23 cm.
500 _aCarece de portada.
500 _aB12
650 1 4 _aIndios de México
_97990
651 4 _aMéxico
_xHistoria
_9614
651 4 _aMichoacan
_xHistoria
_97991
902 _aGFM
942 _2lcc
_cB
999 _c2598
_d2598